00917nam a2200241 u 4500001001000000003000900010005001700019007001000036008004100046020001500087040002200102082002200124245013100146260006400277300002800341500010500369650003800474650002500512650002300537650002400560700003000584710006100614000020289DO-SdBNP20210518075114.0000020289100804s2007 dr a r 000 0 spa d a9945404121 aBPMSUbspacBPMSU a808.08bA634c22210aAntología de cuentos clásicos infanto-juveniles de la literatura universal /crecopilación Basilio Belliard ... [et.al.] aSanto Domingo, :bSecretaría de Estado de Cultura,c2007. a139 p. :bil. ;c29 cm. aDirección General del Libro y la Lectura año del libro y la lectura hacia un país de lecturas  4aCuentos infantiles vColecciones  4aLiteratura infantil  4aCuentos juveniles  4aLiteratura juvenil  aBelliard, Basilioecomp. 2 aSecretaria de Estado de Cultura (República Dominicana)